Kanzler, Krise, Kapital wie Politik funktioniert
Na minha lista:
| Autor principal: | |
|---|---|
| Formato: | Livro |
| Idioma: | alemão |
| Publicado em: |
München
C. Bertelsmann Verlag
2013
|
| Assuntos: | |
| Tags: |
Sem tags, seja o primeiro a adicionar uma tag!
|
MARC
| LEADER | 00000nam a2200000 4500 | ||
|---|---|---|---|
| 001 | 0176599 | ||
| 005 | 20240311130954.6 | ||
| 020 | |a 978-3-570-10077-6 | ||
| 041 | 0 | |a ger | |
| 044 | |a DE | ||
| 245 | 1 | 0 | |a Kanzler, Krise, Kapital |b wie Politik funktioniert |c Marietta Slomka |
| 264 | 1 | |a München |b C. Bertelsmann Verlag |c 2013 | |
| 300 | |a 540 s. | ||
| 610 | 2 | 0 | |a strany politické |
| 610 | 2 | 0 | |a vláda |
| 610 | 2 | 0 | |a voľby |
| 610 | 2 | 0 | |a štát |
| 610 | 2 | 0 | |a demokracia |
| 610 | 2 | 0 | |a kariéra |
| 610 | 2 | 0 | |a parlamenty |
| 610 | 2 | 0 | |a prezidenti |
| 610 | 2 | 0 | |a podnikanie |
| 610 | 2 | 0 | |a novinárstvo |
| 610 | 2 | 0 | |a politika svetová |
| 610 | 2 | 0 | |a Nemecko |
| 100 | 1 | |a Slomka, Marietta | |